If the details are right, the rest follows (Record no. 82023)

MARC details
000 -LEADER
fixed length control field 01095cab a22002295a 4500
001 - CONTROL NUMBER
control field L148984
008 - FIXED-LENGTH DATA ELEMENTS--GENERAL INFORMATION
fixed length control field 091210e20091205xxk F 000 0 eng d
035 ## - SYSTEM CONTROL NUMBER
System control number (Sirsi) u148984
041 0# - LANGUAGE CODE
Language code of text/sound track or separate title eng
100 1# - MAIN ENTRY--PERSONAL NAME
Personal name Oldfield, Alison
245 00 - TITLE STATEMENT
Title If the details are right, the rest follows
260 ## - PUBLICATION, DISTRIBUTION, ETC.
Date of publication, distribution, etc. 2009
490 ## - SERIES STATEMENT
Series statement Estates Gazette
Volume/sequential designation (0948) 5 December 2009, 94-96
520 ## - SUMMARY, ETC.
Summary, etc. Validity of a tenant's defective break notice. "Prudential Assurance Co Ltd v Excel UK Ltd" [2009] EWHC 1350 considers the situation where in a break notice served by two joint tenants only one is mentioned by mistake. With reference to case law concludes that the terms of a break clause will be strictly construed by the courts. (See also L148983)
590 ## - LOCAL NOTE (RLIN)
Local note KA
650 24 - SUBJECT ADDED ENTRY--TOPICAL TERM
Topical term or geographic name entry element MANNAI INVESTMENT CO LTD V EAGLE STAR LIFE ASSURANCE CO LTD UK
650 24 - SUBJECT ADDED ENTRY--TOPICAL TERM
Topical term or geographic name entry element PRUDENTIAL ASSURANCE CO LTD V EXCEL UK LTD
650 24 - SUBJECT ADDED ENTRY--TOPICAL TERM
Topical term or geographic name entry element LEMMERBELL LTD AND ANOTHER V BRITANNIA LAS DIRECT LTD
651 #4 - SUBJECT ADDED ENTRY--GEOGRAPHIC NAME
Geographic name ENGLAND AND WALES
690 ## - LOCAL SUBJECT ADDED ENTRY--TOPICAL TERM (OCLC, RLIN)
Topical term or geographic name as entry element PROPERTY-COMMERCIAL PROPERTY-COMMERCIAL LANDLORD AND TENANT-COMMERCIAL LEASES
942 ## - ADDED ENTRY ELEMENTS (KOHA)
Suppress in OPAC 0
Holdings
Withdrawn status Lost status Source of classification or shelving scheme Damaged status Not for loan Home library Current library Shelving location Date acquired Total Checkouts Full call number Barcode Date last seen Copy number Price effective from Koha item type
    Dewey Decimal Classification     London London Journal article 10/12/2009   L148984 148984-1001 06/08/2019 1 06/08/2019 Journal article